[Event "ch-Commonwealth"]
[Site "Mumbai IND"]
[Date "2004.01.14"]
[Round "5"]
[White "Murshed,N"]
[Black "Mishra,S"]
[Result "1-0"]
[WhiteElo "2436"]
[BlackElo "2227"]
[EventDate "2004.01.10"]

1. d4 d5 2. c4 c6 3. Nc3 Nf6 4. e3 a6 5. Nf3 b5 6. b3 Bg4 7. Be2 e6 8. Bb2
Nbd7 9. Nd2 Bxe2 10. Qxe2 Bd6 11. e4 dxe4 12. Ncxe4 Nxe4 13. Nxe4 Bb4+ 14.
Kf1 O-O 15. h4 Nf6 16. Nxf6+ Qxf6 17. a3 Ba5 18. b4 Bc7 19. d5 Qf4 20. dxc6
Rfd8 21. c5 Rd5 22. g3 Qh6 23. Bc3 e5 24. Kg2 Qxc6 25. Kh2 Rad8 26. Rhd1 f5
27. Rxd5 Qxd5 28. a4 Qb3 29. Be1 Rb8 30. axb5 axb5 31. Ra7 Qf7 32. Bc3 Qe7
33. Qa2+ Kf8 34. Qd5 f4 35. Rxc7 fxg3+ 36. Kxg3 Qxc7 37. Bxe5 Rd8 38. Bd6+
Rxd6 39. Qxd6+ Qxd6+ 40. cxd6 Kf7 41. Kf4 Ke6 42. d7 Kxd7 43. Ke5 Ke7 44.
Kd5 Kf7 45. Kc5 1-0

[Event "ch-Commonwealth"]
[Site "Mumbai IND"]
[Date "2004.01.14"]
[Round "5"]
[White "Vijayalakshmi,S"]
[Black "Tilak,S"]
[Result "0-1"]
[WhiteElo "2444"]
[BlackElo "2310"]
[EventDate "2004.01.10"]

1. c4 g6 2. g3 Bg7 3. Bg2 d6 4. Nc3 e5 5. Rb1 Ne7 6. b4 O-O 7. Nf3 f5 8.
O-O e4 9. Ne1 Nbc6 10. Nd5 Be6 11. Nxe7+ Qxe7 12. d3 d5 13. b5 Ne5 14. Qa4
dxc4 15. Ba3 Qe8 16. Bxf8 Bxf8 17. Qc2 a6 18. bxa6 b5 19. dxe4 Rxa6 20. Nf3
Nxf3+ 21. Bxf3 fxe4 22. Bxe4 b4 23. Rfd1 c3 24. Bd5 Bxd5 25. Rxd5 Qf7 26.
Qb3 Ra3 27. Qc4 Ra5 28. e4 c6 29. Qxc6 Rxa2 30. Rf1 Ra7 31. e5 Rc7 32. Qb6
Qxd5 33. Qxc7 Qc5 34. Qd7 Qxe5 35. Qa4 Qe6 36. Qc2 Qc4 37. Rb1 Bc5 38. h4
Kg7 39. Kg2 Qd5+ 40. Kf1 Qf3 41. Ke1 Bxf2+ 42. Qxf2 Qxf2+ 43. Kxf2 c2 44.
Rxb4 c1=Q 45. Rf4 h6 46. Kg2 Qd2+ 47. Rf2 Qd5+ 48. Kh2 g5 49. hxg5 hxg5 50.
Re2 Kg6 51. Rf2 Kh5 52. Rb2 Qd4 53. Rc2 Kg4 54. Ra2 Qc4 55. Rb2 Qc3 56. Rg2
Qd3 0-1

[Event "ch-Commonwealth"]
[Site "Mumbai IND"]
[Date "2004.01.14"]
[Round "5"]
[White "Lim Yee Weng"]
[Black "Neelotpal,D"]
[Result "1/2-1/2"]
[WhiteElo "2311"]
[BlackElo "2461"]
[EventDate "2004.01.10"]

1. e4 e6 2. d4 d5 3. Nd2 Nf6 4. e5 Nfd7 5. Bd3 c5 6. c3 Nc6 7. Ngf3 cxd4 8.
cxd4 f5 9. exf6 Nxf6 10. O-O Bd6 11. Re1 O-O 12. Nf1 Qb6 13. Bc2 Bd7 14.
Bg5 Nh5 15. Be3 g6 1/2-1/2

[Event "ch-Commonwealth"]
[Site "Mumbai IND"]
[Date "2004.01.14"]
[Round "5"]
[White "Laxman,R"]
[Black "Conquest,S"]
[Result "1/2-1/2"]
[WhiteElo "2335"]
[BlackElo "2543"]
[EventDate "2004.01.10"]

1. d4 d5 2. c4 c6 3. Nc3 Nf6 4. Nf3 dxc4 5. a4 Bf5 6. e3 e6 7. Bxc4 Bb4 8.
O-O Nbd7 9. Qe2 Bg6 10. e4 O-O 11. Bd3 a5 12. e5 Nd5 13. Nxd5 cxd5 14. Bxg6
fxg6 15. Ng5 Qb6 16. Qg4 Rf5 17. Be3 Raf8 18. Qh4 h6 19. Nh3 Qa6 20. Qg4
Kh7 21. Nf4 g5 22. Nh5 R5f7 23. Rfd1 Be7 24. h4 g6 25. hxg5 Bxg5 26. Bxg5
hxg5 27. Ra3 Rxf2 28. Rh3 Kg8 29. Qxg5 R8f7 30. Qxg6+ Kf8 31. Ng3 Ke8 32.
Rc1 Nf8 33. Qg5 Kd7 34. Qe3 Qb6 35. b3 R2f4 36. Ne2 Re4 37. Qc3 Ke8 38.
Qc8+ Qd8 39. Qxd8+ Kxd8 40. Nc3 Rxd4 41. Nb5 Rdf4 42. Rhc3 Nd7 43. Nd6 Rf8
44. Nxb7+ Ke7 45. Rc7 Ra8 46. R1c6 Raf8 47. Rc1 Ra8 48. Nd6 Rd8 49. Nc8+
Kf8 50. R1c6 Nxe5 51. Rxe6 Ng4 52. Ne7 Re4 53. Ng6+ Kg8 54. Ree7 Rxe7 55.
Nxe7+ Kf8 56. Nc6 Re8 57. g3 Re3 58. Nxa5 Rxg3+ 59. Kf1 d4 60. Rd7 d3 61.
Nc4 Ke8 62. Rd4 Ke7 63. a5 Nf6 64. Kf2 Rh3 65. Kg2 Rh5 66. Rxd3 Rb5 67. a6
Nd5 68. Rxd5 Rxd5 69. a7 Rd8 70. Kf3 Kd7 1/2-1/2

[Event "ch-Commonwealth"]
[Site "Mumbai IND"]
[Date "2004.01.14"]
[Round "5"]
[White "Venkatesh,M"]
[Black "Prathamesh,S"]
[Result "0-1"]
[WhiteElo "2392"]
[BlackElo "2343"]
[EventDate "2004.01.10"]

1. Nf3 c5 2. g3 Nc6 3. Bg2 g6 4. d3 Bg7 5. e4 d6 6. c3 e5 7. a3 Nge7 8. O-O
O-O 9. b4 h6 10. Nbd2 Be6 11. Nb3 b6 12. b5 Nb8 13. a4 a5 14. d4 Ra7 15.
Be3 f5 16. exf5 Nxf5 17. dxe5 Nxe3 18. fxe3 dxe5 19. Qc2 e4 20. Nfd2 Rxf1+
21. Bxf1 Bf5 22. Nc4 Rd7 23. Rc1 Kh8 24. Qg2 h5 25. Nbd2 Bh6 26. Qf2 Rd5
27. Bg2 Nd7 28. Nxe4 Ne5 29. Ned6 Rxd6 30. Nxe5 Qe7 31. Nc6 Rxc6 32. Bxc6
Bxe3 33. Rf1 Bxf2+ 34. Rxf2 Kg7 35. c4 Qe5 36. Bd5 Qe1+ 37. Rf1 Qe3+ 38.
Rf2 Bh3 0-1

[Event "ch-Commonwealth"]
[Site "Mumbai IND"]
[Date "2004.01.14"]
[Round "5"]
[White "Nikhilesh,K"]
[Black "Gupta,Ab"]
[Result "0-1"]
[WhiteElo "2261"]
[BlackElo "2392"]
[EventDate "2004.01.10"]

1. e4 c5 2. Nf3 d6 3. d4 cxd4 4. Nxd4 Nf6 5. Nc3 Nc6 6. Bc4 e6 7. Be3 a6 8.
Qe2 Qc7 9. O-O-O Be7 10. Bb3 O-O 11. g4 Nxd4 12. Rxd4 e5 13. Nd5 Bxg4 14.
Rc4 Qd7 15. Nxf6+ Bxf6 16. f3 Be6 17. Rc3 Rac8 18. Rd3 Bxb3 19. axb3 Rc6
20. Rhd1 Rfc8 21. c3 Be7 22. f4 exf4 23. Bxf4 Qe6 24. Rd5 Bf8 25. Qd3 Re8
26. Bxd6 Bxd6 27. Rxd6 Rxd6 28. Qxd6 Qxe4 29. Qc7 h6 30. b4 Qf3 31. Rd7 Re2
32. Qd8+ Kh7 33. Rd2 Rxd2 34. Qxd2 f5 35. Kc2 Qe4+ 36. Kb3 f4 37. c4 f3 38.
Ka3 Qxc4 39. Qe3 Qd5 40. Qf4 a5 41. bxa5 Qxa5+ 42. Kb3 Qb6+ 43. Kc2 Qg6+
44. Kb3 Qd3+ 45. Ka4 Qc2+ 46. b3 f2 47. Qf7 Qc6+ 48. Kb4 Qb6+ 0-1

[Event "ch-Commonwealth"]
[Site "Mumbai IND"]
[Date "2004.01.14"]
[Round "5"]
[White "Feldman,V"]
[Black "Sandipan,C"]
[Result "0-1"]
[WhiteElo "2322"]
[BlackElo "2522"]
[EventDate "2004.01.10"]

1. d4 d5 2. c4 e6 3. Nc3 c6 4. cxd5 exd5 5. Bf4 Bd6 6. Bg3 Nf6 7. e3 Bxg3
8. hxg3 Bf5 9. Bd3 Bxd3 10. Qxd3 Nbd7 11. Nge2 Qe7 12. f3 h5 13. Kf2 g6 14.
Rab1 Nb6 15. Nf4 g5 16. Nfe2 Kf8 17. b3 Rg8 18. Rbe1 Rd8 19. Rc1 Qe6 20.
Nd1 Kg7 21. Nb2 Rde8 22. Rc3 Nc8 23. Na4 Nd6 24. Nc5 Qc8 25. Qc2 Nb5 26.
Rd3 Qf5 27. Nxb7 Ng4+ 28. Kg1 Rxe3 29. Rd2 Qxc2 30. Rxc2 Nxd4 0-1

[Event "ch-Commonwealth"]
[Site "Mumbai IND"]
[Date "2004.01.14"]
[Round "5"]
[White "Balaji,G"]
[Black "Roy Chowdhury,S"]
[Result "0-1"]
[WhiteElo "2266"]
[BlackElo "2400"]
[EventDate "2004.01.10"]

1. e4 c5 2. Nc3 e6 3. f4 d5 4. Nf3 dxe4 5. Nxe4 Nc6 6. g3 Be7 7. Bg2 Nf6 8.
Nf2 O-O 9. O-O Qc7 10. b3 b6 11. Bb2 Bb7 12. Qe2 Rad8 13. Nd3 Ba6 14. c4
Bb7 15. Nde5 Ne8 16. Ng5 Nxe5 17. Bxe5 Qd7 18. Bc3 Bxg2 19. Qxg2 Bf6 20.
Qe4 Bd4+ 21. Bxd4 Qxd4+ 22. Qxd4 Rxd4 23. Nf3 Rd3 24. Ne5 Rd6 25. Rad1 Nc7
26. Kf2 Rfd8 27. Ke2 Na6 28. a3 f6 29. Nf3 Rd3 30. Rb1 Nb8 31. Rfd1 Nc6 32.
Ne1 Rxb3 33. Rxb3 Nd4+ 34. Ke3 Nxb3 35. Nf3 Na5 36. Rc1 Nc6 37. d3 Kf7 38.
Ke4 h6 39. Rf1 Ke7 40. h4 h5 41. Ke3 Kf7 42. Rg1 Ne7 43. Rd1 Nf5+ 44. Kf2
Ke7 45. Ne1 Kd6 46. Nc2 Kc6 47. Ne3 Nd4 48. a4 Kb7 49. g4 hxg4 50. Nxg4 Rh8
51. Rh1 Nf5 52. h5 Kc6 53. Ne3 Nxe3 54. Kxe3 Kd6 55. Rh2 f5 56. Rg2 Rh7 57.
Rg5 Ke7 58. Rg1 Kd6 59. Rg5 a6 60. Kf3 Ke7 61. Ke3 Kf6 62. Rg6+ Kf7 63. Rg5
Rh8 64. Ke2 b5 65. cxb5 axb5 66. axb5 Rb8 67. Rg1 Rxb5 68. Ke3 Rb8 69. Rc1
Rc8 70. Kf3 Kf6 71. Rc4 Rd8 72. Rxc5 Rxd3+ 73. Kg2 Rd8 74. Rc1 Rh8 75. Rh1
Rh6 76. Rh3 Rh8 77. Kg3 Rh6 78. Rh2 Kf7 79. Kf3 Kf6 80. Kg3 e5 81. fxe5+
Kxe5 82. Rh4 Kf6 83. Rh2 Kg5 84. Kf3 Rxh5 0-1

[Event "ch-Commonwealth"]
[Site "Mumbai IND"]
[Date "2004.01.14"]
[Round "5"]
[White "Sharma,D"]
[Black "Yogesh,G"]
[Result "1-0"]
[WhiteElo "2373"]
[BlackElo "2268"]
[EventDate "2004.01.10"]

1. e4 d6 2. d4 Nf6 3. Nc3 g6 4. Bg5 Nbd7 5. f4 h6 6. Bh4 c5 7. e5 Nh5 8.
exd6 Ndf6 9. dxc5 exd6 10. Bb5+ Bd7 11. Qe2+ Qe7 12. Bxd7+ Kxd7 13. O-O-O
Qxe2 14. Ngxe2 Rc8 15. cxd6 Rc6 16. Nd4 Ra6 17. Ndb5 Ne8 18. Rhe1 Nhg7 19.
Ne4 b6 20. Nf6+ Nxf6 21. Bxf6 Rg8 22. Re7+ Bxe7 23. dxe7+ Ke6 24. Rd6+ 1-0

[Event "ch-Commonwealth"]
[Site "Mumbai IND"]
[Date "2004.01.14"]
[Round "5"]
[White "Satyapragyan,S"]
[Black "Thipsay,B"]
[Result "1-0"]
[WhiteElo "2369"]
[BlackElo "2231"]
[EventDate "2004.01.10"]

1. Nf3 d5 2. e3 Nf6 3. b3 Bg4 4. Bb2 Nbd7 5. c4 e6 6. h3 Bh5 7. Be2 Bg6 8.
d3 h6 9. O-O Bd6 10. a3 O-O 11. Nc3 c6 12. Re1 Qe7 13. Bf1 Rfd8 14. cxd5
Nxd5 15. Ne4 Bc7 16. Qc2 e5 17. Rac1 f5 18. Ned2 e4 19. Nd4 Qd6 20. g3 Re8
21. dxe4 fxe4 22. Bg2 N7f6 23. b4 Qe7 24. N2b3 Kh7 25. Na5 Rab8 26. Nc4 Rf8
27. Red1 Nb6 28. Nd2 Nbd5 29. Nc4 Nb6 30. Rd2 Nfd7 31. Nxb6 Bxb6 32. Ne2
Bc7 33. Nf4 Bxf4 34. gxf4 Rbd8 35. Rcd1 Bf5 36. Rd6 Rde8 37. Qc3 Nb6 38.
Qc2 Nd5 39. Be5 a6 40. Bxe4 g6 41. Bxf5 gxf5 42. Kh2 Qf7 43. e4 Ne7 44.
exf5 Nd5 45. Rf1 1-0

[Event "ch-Commonwealth"]
[Site "Mumbai IND"]
[Date "2004.01.14"]
[Round "5"]
[White "Sengupta,D"]
[Black "Sharma,Vi"]
[Result "1-0"]
[WhiteElo "2349"]
[BlackElo "2208"]
[EventDate "2004.01.10"]

1. e4 c5 2. Nf3 Nc6 3. Bb5 g6 4. O-O Bg7 5. c3 Nf6 6. Re1 O-O 7. h3 d5 8.
e5 Ne8 9. d4 cxd4 10. cxd4 Nc7 11. Bxc6 bxc6 12. Nc3 Ne6 13. b3 Bb7 14. Na4
Rc8 15. Ng5 Nxg5 16. Bxg5 f6 17. Bf4 c5 18. Nxc5 Rxc5 19. dxc5 d4 20. Qd3
Kh8 21. f3 Qd5 22. Qc4 Rd8 23. Qxd5 Rxd5 24. c6 Ba6 25. exf6 Bxf6 26. Rac1
Kg8 27. c7 Bc8 28. Rc4 Kf7 29. b4 d3 30. Be3 a6 31. Rc5 Rd6 32. Rd1 Ke8 33.
a4 Kd7 34. b5 axb5 35. axb5 Bb7 36. b6 Kc8 37. Ra5 e5 38. Rda1 e4 39. Ra8+
Kd7 40. R8a7 Bd4 1-0

[Event "ch-Commonwealth"]
[Site "Mumbai IND"]
[Date "2004.01.14"]
[Round "5"]
[White "Hegde,R"]
[Black "Priyadharshan,K"]
[Result "1-0"]
[WhiteElo "2344"]
[BlackElo "2052"]
[EventDate "2004.01.10"]

1. Nf3 Nf6 2. d4 e6 3. g3 Be7 4. Bg2 O-O 5. c4 d6 6. Nc3 c5 7. O-O Nc6 8.
b3 a6 9. Bb2 Qc7 10. Rc1 Rd8 11. d5 exd5 12. Nxd5 Nxd5 13. Qxd5 Be6 14. Qh5
g6 15. Qh6 Bf8 16. Qf4 Bg7 17. Bxg7 Kxg7 18. Rfd1 Qe7 19. e3 Rac8 20. Rd2
d5 21. Ng5 dxc4 22. Rxd8 Nxd8 23. bxc4 h6 24. Qe5+ f6 25. Nxe6+ Nxe6 26.
Qb2 Rc7 27. Rd1 Nd8 28. Qd2 Nf7 29. a4 Ne5 30. Qe2 Nc6 31. h4 h5 32. Rd2
Nb4 33. Qd1 Qf7 34. Bd5 Qe7 35. Bg2 Qf7 36. Rd6 Qxc4 37. Rxf6 Kxf6 38. Qd6+
Qe6 39. Qf4+ Qf5 40. Qxc7 Nd3 41. Qb6+ Kg7 42. Qxb7+ Kh6 43. f4 Nb4 44. Qb8
Qf6 45. Qc7 Qa1+ 46. Kh2 Qc3 47. Qe7 c4 48. f5 gxf5 49. Qf8+ Kh7 50. Qxf5+
Kg7 51. Bf3 Nd3 52. Qc8 Kh7 53. Qd7+ Kh6 54. Qe6+ Kh7 55. Be4+ 1-0

[Event "ch-Commonwealth"]
[Site "Mumbai IND"]
[Date "2004.01.14"]
[Round "5"]
[White "Pratibha,Y"]
[Black "Iuldachev,S"]
[Result "1/2-1/2"]
[WhiteElo "2229"]
[BlackElo "2559"]
[EventDate "2004.01.10"]

1. e4 e5 2. Nf3 Nc6 3. Bb5 a6 4. Ba4 d6 5. c3 Bd7 6. O-O Nge7 7. d4 Ng6 8.
Be3 Be7 9. Nbd2 h6 10. Re1 Bg5 11. Nxg5 hxg5 12. g3 Qf6 13. d5 Nb8 14.
Bxd7+ Nxd7 15. Qg4 Nf4 16. Nf3 Nh3+ 17. Kg2 Ke7 18. Nh4 gxh4 19. Bd2 Qg6
20. Qxg6 fxg6 21. Kxh3 hxg3+ 22. Kxg3 Nf6 23. f3 Kd7 24. Rg1 Rh5 25. h4
Rah8 26. Kf2 Rxh4 27. Rxg6 Rh2+ 28. Rg2 g5 29. Rag1 g4 30. Bg5 gxf3 31.
Bxf6 fxg2 32. Bxh8 Rxh8 33. Rxg2 b5 34. Ke2 Kc8 35. Kd2 Kb7 36. Rf2 Kb6 37.
b4 Rh1 38. Kd3 Ra1 39. Rb2 c6 40. dxc6 Kxc6 41. Rf2 Rd1+ 42. Kc2 Rh1 43.
Rg2 Rh6 44. Rg8 Rh2+ 45. Kb3 Rh4 46. Ra8 Kb6 47. Rd8 Kc7 48. Ra8 Rxe4 49.
Rxa6 Re3 50. a4 bxa4+ 51. Rxa4 d5 52. Kc2 e4 53. Ra6 Re2+ 54. Kd1 Rf2 55.
Re6 Kd7 56. Re5 Kc6 57. c4 dxc4 58. Rxe4 Kd6 59. Rxc4 Kd5 60. Rc2 Rf1+ 61.
Kd2 Kd4 1/2-1/2

[Event "ch-Commonwealth"]
[Site "Mumbai IND"]
[Date "2004.01.14"]
[Round "5"]
[White "Safin,S"]
[Black "Gokhale,A"]
[Result "1-0"]
[WhiteElo "2528"]
[BlackElo "2218"]
[EventDate "2004.01.10"]

1. d4 Nf6 2. c4 g6 3. f3 d5 4. cxd5 Nxd5 5. e4 Nb6 6. Nc3 Bg7 7. Be3 O-O 8.
Qd2 Nc6 9. O-O-O e5 10. d5 Nd4 11. f4 c5 12. fxe5 Bg4 13. Re1 Bxe5 14. h3
Bd7 15. Nf3 Nxf3 16. gxf3 Na4 17. Nxa4 Bxa4 18. Kb1 Qb6 19. h4 Rac8 20. h5
Qb4 21. Qxb4 cxb4 22. Bd3 a6 23. f4 Bd6 24. hxg6 fxg6 25. e5 Bc5 26. f5 b3
27. Bh6 Rf7 28. e6 1-0

[Event "ch-Commonwealth"]
[Site "Mumbai IND"]
[Date "2004.01.14"]
[Round "5"]
[White "Ravi,L"]
[Black "Joshi,SG"]
[Result "1-0"]
[WhiteElo "2462"]
[BlackElo "2211"]
[EventDate "2004.01.10"]

1. d4 d5 2. c4 c6 3. Nc3 Nf6 4. e3 g6 5. Nf3 Bg7 6. Bd3 O-O 7. O-O Bg4 8.
h3 Bxf3 9. Qxf3 e6 10. Qd1 Nbd7 11. Qb3 Qb6 12. Rd1 a6 13. Bd2 Rad8 14.
Rac1 Qa7 15. a4 Qb8 16. a5 Rfe8 17. Bf1 h5 18. Be1 Bf8 19. Ne2 Bd6 20. Bb4
Bc7 21. Nc3 Kg7 22. Be2 Nf8 23. Qc2 N8h7 24. e4 Bf4 25. e5 Nd7 26. Bd6 Qa7
27. c5 Bg5 28. Rd3 Be7 29. Bxe7 Rxe7 30. Re3 Kh8 31. Bd3 Rg8 32. Qd2 Qb8
33. Ne2 Qf8 34. Bc2 Qg7 35. h4 Nhf8 36. Nf4 Qh6 37. Rce1 f5 38. exf6 Nxf6
39. f3 Kg7 40. Qe2 Kf7 41. Re5 N6d7 42. Qf2 Qh8 43. Nd3 Qf6 44. f4 1-0

[Event "ch-Commonwealth"]
[Site "Mumbai IND"]
[Date "2004.01.14"]
[Round "5"]
[White "Harika,D"]
[Black "Priya,P"]
[Result "1-0"]
[WhiteElo "2329"]
[BlackElo "2113"]
[EventDate "2004.01.10"]

1. Nf3 Nf6 2. c4 e6 3. Nc3 d5 4. d4 Be7 5. Bg5 O-O 6. e3 h6 7. Bh4 Ne4 8.
Bxe7 Qxe7 9. Rc1 c6 10. Bd3 Nxc3 11. Rxc3 dxc4 12. Bxc4 Nd7 13. O-O e5 14.
Bb3 e4 15. Nd2 Nf6 16. Qb1 Re8 17. Rfc1 Bg4 18. Bc4 a5 19. b3 Rad8 20. Bf1
Rd5 21. Nc4 Nd7 22. a3 c5 23. dxc5 Rxc5 24. Nd2 Rxc3 25. Rxc3 Nf6 26. Qc1
Rd8 27. h3 Be6 28. Nc4 Bxc4 29. Rxc4 b6 30. a4 Nd5 31. Qb1 Nf6 32. Qc2 Rd5
33. Rc8+ Kh7 34. Qc7 Qxc7 35. Rxc7 Rd1 36. Rb7 Nd5 37. g4 Rb1 38. Kg2 Rb2
39. Kg3 Nb4 40. Bc4 Nd3 41. Rxf7 Ne5 42. Rc7 Nd3 43. Be6 Nxf2 44. Bf5+ Kg8
45. Bg6 Nh1+ 46. Kf4 Rf2+ 47. Kxe4 Kf8 48. Rc6 Ng3+ 49. Kd3 Rh2 50. Re6 1-0

[Event "ch-Commonwealth"]
[Site "Mumbai IND"]
[Date "2004.01.14"]
[Round "5"]
[White "Saptarshi,R"]
[Black "Krishna,CR"]
[Result "1-0"]
[WhiteElo "2329"]
[BlackElo "2106"]
[EventDate "2004.01.10"]

1. e4 e6 2. d4 d5 3. Nc3 Bb4 4. e5 c5 5. a3 Bxc3+ 6. bxc3 Ne7 7. f4 Qc7 8.
Nf3 Nbc6 9. Be2 Bd7 10. O-O Rc8 11. dxc5 Qa5 12. Be3 Qxc3 13. Bf2 O-O 14.
Bd3 h6 15. a4 Rfd8 16. Kh1 Be8 17. Rb1 Rb8 18. Nd2 Qa5 19. Bh4 Qxc5 20. Rb5
Qa3 21. c3 Qxc3 22. Nb1 Qa1 23. Rf3 Kf8 24. Rg3 a6 25. Rxg7 Qd4 26. Bf6
axb5 27. Qg4 Ng6 28. Rh7 Nce7 29. Bxg6 fxg6 30. Bxe7+ Kg8 31. Rxh6 Qd3 32.
Nd2 Rdc8 33. h3 Kg7 34. Bf6+ Kf8 35. Qxe6 Rc1+ 36. Kh2 Bf7 37. Qe7+ Kg8 38.
Rh8+ 1-0

[Event "ch-Commonwealth"]
[Site "Mumbai IND"]
[Date "2004.01.14"]
[Round "5"]
[White "Avari,V"]
[Black "Meenakshi,S"]
[Result "0-1"]
[WhiteElo "2112"]
[BlackElo "2328"]
[EventDate "2004.01.10"]

1. e4 c5 2. Nf3 Nc6 3. d4 cxd4 4. Nxd4 e5 5. Nb5 d6 6. N1c3 a6 7. Na3 b5 8.
Nd5 Nce7 9. Bg5 Be6 10. c4 h6 11. Be3 Bxd5 12. cxd5 f5 13. f3 Nf6 14. Bd3
f4 15. Bf2 Qd7 16. Qe2 Kf7 17. Nc2 g5 18. Nb4 Qb7 19. Rc1 Nd7 20. O-O Nc5
21. Kh1 Rc8 22. Bb1 Bg7 23. Bxc5 dxc5 24. Nd3 c4 25. Nf2 Qb6 26. Rfd1 Rhd8
27. Rc3 Bf8 28. Ng4 Ng6 29. Qf2 Qc7 30. h3 h5 31. Nh2 Bc5 32. Qe2 Bd4 33.
Rcc1 Qb6 34. a3 Nf8 35. Ba2 Be3 36. Rc2 Bd4 37. Nf1 Nd7 38. Nd2 Nc5 39. Kh2
Nd3 40. Nb1 Kf6 41. Rf1 Rg8 42. Nc3 Nxb2 43. d6 Bxc3 44. Rxc3 Nd3 45. Bb1
Nc5 46. Rd1 Rgd8 47. h4 Rxd6 48. hxg5+ Kxg5 49. Rd5 Rxd5 50. exd5 Qf6 51.
Rc1 Rd8 52. Be4 Kh6 53. Qf2 Nb3 54. Rh1 Nd4 55. Kg1 c3 56. Kf1 Rg8 57. Ke1
a5 58. Kd1 b4 59. axb4 axb4 60. Rh2 Qa6 61. Kc1 Qa1+ 62. Bb1 c2 0-1

[Event "ch-Commonwealth"]
[Site "Mumbai IND"]
[Date "2004.01.14"]
[Round "5"]
[White "Lahiri,A"]
[Black "Yash,A"]
[Result "1/2-1/2"]
[WhiteElo "2325"]
[BlackElo "2091"]
[EventDate "2004.01.10"]

1. d4 d5 2. c4 c6 3. Nf3 Nf6 4. e3 e6 5. Nbd2 Nbd7 6. Bd3 Be7 7. O-O O-O 8.
Qe2 Re8 9. b3 Nf8 10. Bb2 Ng6 11. Ne5 Nxe5 12. dxe5 Nd7 13. e4 Nc5 14. Bb1
dxe4 15. Bxe4 Nxe4 16. Nxe4 Qc7 17. Rad1 Bd7 18. Nf6+ gxf6 19. exf6 e5 20.
fxe7 Bf5 21. f4 Qxe7 22. fxe5 Bg6 23. Qd2 Rad8 24. Qe3 Rxd1 25. Rxd1
1/2-1/2

[Event "ch-Commonwealth"]
[Site "Mumbai IND"]
[Date "2004.01.14"]
[Round "5"]
[White "Syed,N"]
[Black "Visweswaran,K"]
[Result "0-1"]
[WhiteElo "2083"]
[BlackElo "2325"]
[EventDate "2004.01.10"]

1. e4 c5 2. Nf3 d6 3. d4 cxd4 4. Nxd4 Nf6 5. Nc3 a6 6. Be2 e5 7. Nb3 Be7 8.
O-O O-O 9. Kh1 b6 10. f4 Bb7 11. Bf3 Nbd7 12. Qe1 Rc8 13. Be3 b5 14. a3 Re8
15. Rd1 Qc7 16. f5 Bf8 17. Qh4 Nb6 18. g4 d5 19. Bxb6 Qxb6 20. g5 dxe4 21.
Bg2 Rxc3 22. bxc3 Nd5 23. Qxe4 Rd8 24. Rd3 Ba8 25. Qxe5 Bd6 26. Qe1 Nf4 27.
Rxf4 Bxg2+ 28. Kxg2 Bxf4 29. Nd4 Bxg5 30. Nf3 Bf6 31. Qe4 h6 32. Nd4 Rc8
33. Ne2 Qc5 34. Qf3 Re8 35. Nf4 Qxf5 36. Nd5 Qg5+ 37. Kf2 Qh4+ 38. Kg2 Be5
39. h3 Qg5+ 40. Kf2 Bb8 41. Ne3 Ba7 42. Ke2 Bxe3 43. Rxe3 Qxe3+ 44. Qxe3
Rxe3+ 45. Kxe3 Kf8 46. c4 bxc4 47. Kd4 f5 48. Kxc4 g5 49. Kd4 Ke7 50. Ke3
Kd6 51. Kd4 g4 52. hxg4 fxg4 53. Ke4 Kc5 0-1

[Event "ch-Commonwealth"]
[Site "Mumbai IND"]
[Date "2004.01.14"]
[Round "5"]
[White "Ramakrishna,J"]
[Black "Ravi,A"]
[Result "1-0"]
[WhiteElo "2308"]
[BlackElo "2053"]
[EventDate "2004.01.10"]

1. e4 c5 2. Nc3 Nc6 3. f4 g6 4. Nf3 Bg7 5. Be2 e6 6. O-O Nge7 7. Qe1 Nd4 8.
Bd1 O-O 9. Ne2 Nxe2+ 10. Qxe2 d5 11. d3 b6 12. Qf2 Nc6 13. c3 Ba6 14. Be2
d4 15. c4 f5 16. Ng5 Qe7 17. exf5 exf5 18. Bf3 Bb7 19. Re1 Qd7 20. Bd5+ Kh8
21. Bd2 Nd8 22. Nxh7 Bxd5 23. Nxf8 Bxf8 24. cxd5 Qxd5 25. Re8 Ne6 26. Rxa8
Qxa8 27. Re1 Qd5 28. Qe2 Nc7 29. Qe5+ 1-0

[Event "ch-Commonwealth"]
[Site "Mumbai IND"]
[Date "2004.01.14"]
[Round "5"]
[White "Swathi,G"]
[Black "Devangi,P"]
[Result "1/2-1/2"]
[WhiteElo "2297"]
[BlackElo "1916"]
[EventDate "2004.01.10"]

1. e4 c5 2. Nf3 e6 3. d4 cxd4 4. Nxd4 a6 5. Bd3 b5 6. O-O Bb7 7. Nc3 Nf6 8.
a3 d5 9. e5 Ne4 10. Nce2 Nd7 11. f3 Nxe5 12. fxe4 dxe4 13. Bf4 exd3 14.
Bxe5 Qd5 15. Nf3 dxe2 16. Qxe2 Bc5+ 17. Kh1 O-O 18. Rfe1 Rad8 19. Rad1 Qc6
20. Nd4 Bxd4 21. Bxd4 Rd7 22. Rd2 Rfd8 23. c3 Qd5 24. Qg4 f5 25. Qg5 Qd6
26. Rde2 Be4 27. Rd2 1/2-1/2

[Event "ch-Commonwealth"]
[Site "Mumbai IND"]
[Date "2004.01.14"]
[Round "5"]
[White "Ravi,TeS"]
[Black "Singh,Ri"]
[Result "1/2-1/2"]
[WhiteElo "2069"]
[BlackElo "2285"]
[EventDate "2004.01.10"]

1. d4 Nf6 2. c4 e6 3. Nc3 Bb4 4. Qc2 O-O 5. a3 Bxc3+ 6. Qxc3 Ne4 7. Qc2 f5
8. Nh3 d6 9. f3 Nf6 10. b3 e5 11. dxe5 dxe5 12. e3 c5 13. Be2 f4 14. Nf2
Nc6 15. O-O Qe7 16. Bd3 fxe3 17. Bxe3 Kh8 18. Ne4 Nd4 19. Bxd4 cxd4 20.
Rfe1 Bd7 21. Ng3 Rae8 22. Re2 a5 23. Qb2 Qc5 24. Rae1 b6 25. b4 Qc7 26. Qb1
Bc6 27. Rc1 axb4 28. axb4 g6 29. c5 bxc5 30. Rxc5 Qd6 1/2-1/2

[Event "ch-Commonwealth"]
[Site "Mumbai IND"]
[Date "2004.01.14"]
[Round "5"]
[White "Adithya,B"]
[Black "Ramaswamy,A"]
[Result "1-0"]
[WhiteElo "2040"]
[BlackElo "2280"]
[EventDate "2004.01.10"]

1. e4 c5 2. Nf3 Nc6 3. d3 g6 4. g3 Bg7 5. Bg2 e5 6. O-O Nge7 7. c3 O-O 8.
Be3 d6 9. Nfd2 Be6 10. f4 Qd7 11. Nf3 Bg4 12. Nbd2 b6 13. Nc4 exf4 14. Bxf4
d5 15. exd5 Nxd5 16. Be5 f6 17. Bd6 Rfe8 18. Nfe5 Nxe5 19. Bxd5+ Kh8 20.
Qb3 Rad8 21. Bxe5 Qxd5 22. Nd6 Rxd6 23. Bxd6 Qxd6 24. Rae1 Qc6 25. Qf7 Be6
26. Qxa7 Bh6 27. Rxf6 Bh3 28. Rxc6 Rxe1+ 29. Kf2 Rf1+ 1-0

[Event "ch-Commonwealth"]
[Site "Mumbai IND"]
[Date "2004.01.14"]
[Round "5"]
[White "Vijayaraghavan,T"]
[Black "Sahu,S"]
[Result "0-1"]
[WhiteElo "2027"]
[BlackElo "2277"]
[EventDate "2004.01.10"]

1. e4 c5 2. Nf3 d6 3. d3 Nf6 4. g3 Nc6 5. Bg2 g6 6. O-O Bg7 7. c3 O-O 8.
Nbd2 Rb8 9. a4 b6 10. Re1 Ne5 11. Qe2 Ba6 12. Nxe5 dxe5 13. Nc4 Qc7 14. Be3
Rbd8 15. f4 exf4 16. Bxf4 Qc8 17. Kh1 Bb7 18. Be5 Bc6 19. d4 cxd4 20. Bxd4
Nd7 21. Rf1 Qc7 22. Be3 Qb7 23. Bf2 Rc8 24. Rfe1 Qc7 25. Ne3 e6 26. Nc2 Ne5
27. Bd4 Rfd8 28. Rf1 Be8 29. Ne3 h5 30. Rfd1 Nd7 31. Nc2 e5 32. Be3 Nc5 33.
Bxc5 Rxd1+ 34. Qxd1 Qxc5 35. Nb4 a5 36. Nd5 Kh7 37. Qb3 Rb8 38. Qd1 Bc6 39.
b4 Qd6 40. Rb1 Bxd5 41. Qxd5 Qxd5 42. exd5 Rc8 43. bxa5 bxa5 44. Rb3 Rc4
45. d6 Rxa4 46. Bd5 Ra1+ 47. Kg2 Rd1 48. c4 e4 49. d7 Bf6 50. Rb8 Rd2+ 51.
Kf1 e3 52. d8=Q Rf2+ 53. Kg1 Bxd8 54. Rxd8 a4 55. c5 Rc2 56. Kf1 Rxc5 57.
Bxf7 Rf5+ 58. Ke2 Rxf7 59. Ra8 Rf2+ 60. Kxe3 Rxh2 61. Rxa4 Rh1 62. Ra7+ Kh6
63. Ra5 Rf1 64. Rb5 Rf6 65. Rc5 Rf5 66. Rc4 Kg5 67. Ra4 Rf6 68. Rc4 Kh6 69.
Rc5 g5 70. Ke2 Kg6 71. Ra5 g4 72. Ra3 Rf5 73. Rb3 h4 74. gxh4 Kh5 75. Rb8
Kxh4 76. Rh8+ Kg3 77. Rh7 Kg2 78. Rh8 g3 79. Rh7 Re5+ 80. Kd2 Kf2 81. Rf7+
Kg1 82. Rf8 g2 83. Rf7 Kh2 84. Rh7+ Kg3 85. Rg7+ Kf3 86. Kd1 Re4 0-1

[Event "ch-Commonwealth"]
[Site "Mumbai IND"]
[Date "2004.01.14"]
[Round "5"]
[White "Dave,D"]
[Black "Chokshi,M"]
[Result "1/2-1/2"]
[WhiteElo "1921"]
[BlackElo "2248"]
[EventDate "2004.01.10"]

1. e4 c5 2. Nf3 d6 3. d4 cxd4 4. Nxd4 Nf6 5. Nc3 a6 6. Be2 e5 7. Nb3 Be7 8.
Be3 Be6 9. Nd5 Nxd5 10. exd5 Bf5 11. a4 Nd7 12. a5 Rc8 13. Bd3 e4 14. Be2
Ne5 15. Bb6 Qd7 16. Nd4 Bg6 17. b3 O-O 18. O-O Bg5 19. Kh1 Rc3 20. Ra2 Rfc8
21. Bh5 Bxh5 22. Qxh5 h6 23. Qe2 Qg4 24. f3 exf3 25. Nxf3 Ng6 26. Bd4 R3c7
27. Qf2 Re8 28. Nxg5 hxg5 29. c4 Nf4 30. Be3 Rce7 31. Bxf4 gxf4 32. h3 Qg6
33. Qxf4 Re2 34. Rxe2 Rxe2 35. Rg1 Rb2 36. c5 dxc5 37. d6 Qd3 38. Qe5
1/2-1/2

[Event "ch-Commonwealth"]
[Site "Mumbai IND"]
[Date "2004.01.14"]
[Round "5"]
[White "Mosenya,N"]
[Black "Gopal,G"]
[Result "0-1"]
[WhiteElo "2034"]
[BlackElo "2233"]
[EventDate "2004.01.10"]

1. f4 d5 2. Nf3 g6 3. g3 Bg7 4. Bg2 Nf6 5. d3 O-O 6. O-O c5 7. Nc3 d4 8.
Na4 Qc7 9. c3 Nfd7 10. cxd4 cxd4 11. b4 b5 12. Nc5 Nxc5 13. bxc5 Bb7 14.
Qb3 Bc6 15. f5 gxf5 16. Bg5 e6 17. Rac1 Qb7 18. Qb2 h6 19. Bd2 Nd7 20. Rc2
a5 21. Qc1 Kh7 22. e3 dxe3 23. Bxe3 Nf6 24. Ne5 Bxg2 25. Rxg2 Qd5 26. Bf4
Rac8 27. c6 Nh5 28. Nd7 Rfd8 29. Nb8 Nxf4 30. gxf4 Bd4+ 31. Kh1 Rxb8 32. c7
Rg8 33. Rfg1 Bxg1 34. Qxg1 Rbc8 0-1